Chile y el mundo

Gespeichert in:
Bibliographische Detailangaben
1. Verfasser: Riedemann E., Victor (VerfasserIn)
Format: Buch
Sprache:Spanisch
Veröffentlicht: Santiago Bibliográfica Chilena 1991
Schlagworte:
Tags: Tag hinzufügen
Keine Tags, Fügen Sie den ersten Tag hinzu!

MARC

LEADER 00000nam a2200000 a 4500
001 UCX6101
003 CL-VaPUC
008 930416e19910000CL |||||||||||||||||spa|d
082 0 4 |a 912  |b RIE  |2 21 
100 0 |a Riedemann E., Victor  |e author  |9 322508 
245 1 0 |a Chile y el mundo 
300 |a 104 p 
942 |c BK 
945 |d 19930416 00:00:00 
260 |a Santiago  |b Bibliográfica Chilena  |c 1991 
650 0 |a Atlas   |9 260843 
650 0 |a Mapas  |9 260844 
651 7 |a CHILE  |2 CL-VaPUC  |9 322509 
583 |a last modification  |c 19930416 00:00:00  |k Rodrigo Vera 
999 |c 226187  |d 226185 
952 |0 0  |1 0  |4 0  |6 912_000000000000000_RIE_1991  |7 0  |8 A  |9 224377  |a BIBEDU  |b BIBEDU  |d 2019-11-15  |i 2931311  |o 912 RIE 1991  |p 2931311  |r 2023-01-13  |w 2019-11-15  |y BK  |k LIT